<?xml version="1.0" encoding="UTF-8"?>
<collection xmlns="http://www.loc.gov/MARC21/slim">
 <record>
  <leader>03491cam a2200625   4500</leader>
  <controlfield tag="001">829205470</controlfield>
  <controlfield tag="003">DE-627</controlfield>
  <controlfield tag="005">20220429133442.0</controlfield>
  <controlfield tag="007">tu</controlfield>
  <controlfield tag="008">150708s2015    sp ||||| c    00| ||spa c</controlfield>
  <datafield tag="020" ind1=" " ind2=" ">
   <subfield code="a">9788415113669</subfield>
   <subfield code="c">(tapa dura)</subfield>
   <subfield code="9">978-84-15113-66-9</subfield>
  </datafield>
  <datafield tag="020" ind1=" " ind2=" ">
   <subfield code="a">9788415113652</subfield>
   <subfield code="c">(rústica)</subfield>
   <subfield code="9">978-84-15113-65-2</subfield>
  </datafield>
  <datafield tag="024" ind1="3" ind2=" ">
   <subfield code="a">9788415113652</subfield>
  </datafield>
  <datafield tag="035" ind1=" " ind2=" ">
   <subfield code="a">(DE-627)829205470</subfield>
  </datafield>
  <datafield tag="035" ind1=" " ind2=" ">
   <subfield code="a">(DE-576)446634808</subfield>
  </datafield>
  <datafield tag="035" ind1=" " ind2=" ">
   <subfield code="a">(DE-599)GBV829205470</subfield>
  </datafield>
  <datafield tag="035" ind1=" " ind2=" ">
   <subfield code="a">(OCoLC)913214503</subfield>
  </datafield>
  <datafield tag="035" ind1=" " ind2=" ">
   <subfield code="a">(OCoLC)924279812</subfield>
  </datafield>
  <datafield tag="035" ind1=" " ind2=" ">
   <subfield code="a">(ZDB-21-EIL)3051111</subfield>
  </datafield>
  <datafield tag="040" ind1=" " ind2=" ">
   <subfield code="a">DE-627</subfield>
   <subfield code="b">ger</subfield>
   <subfield code="c">DE-627</subfield>
   <subfield code="e">rakwb</subfield>
  </datafield>
  <datafield tag="041" ind1=" " ind2=" ">
   <subfield code="a">spa</subfield>
  </datafield>
  <datafield tag="044" ind1=" " ind2=" ">
   <subfield code="c">XA-ES</subfield>
  </datafield>
  <datafield tag="050" ind1=" " ind2="0">
   <subfield code="a">ND813 .Z85</subfield>
  </datafield>
  <datafield tag="082" ind1="0" ind2=" ">
   <subfield code="a">759</subfield>
   <subfield code="2">14</subfield>
  </datafield>
  <datafield tag="084" ind1=" " ind2=" ">
   <subfield code="a">9,10</subfield>
   <subfield code="2">ssgn</subfield>
  </datafield>
  <datafield tag="084" ind1=" " ind2=" ">
   <subfield code="a">20.31</subfield>
   <subfield code="2">bkl</subfield>
  </datafield>
  <datafield tag="245" ind1="1" ind2="0">
   <subfield code="a">Zurbarán</subfield>
   <subfield code="b">una nueva mirada : del 9 de junio al 13 de septiembre de 2015 ; [exposición organizada por el Museo Thyssen-Bornemisza en colaboración el Museum Kunstpalast de Düsseldorf]</subfield>
   <subfield code="c">Museo Thyssen-Bornemisza. Comisarias, Odile Delenda ...</subfield>
  </datafield>
  <datafield tag="264" ind1=" " ind2="1">
   <subfield code="a">Madrid</subfield>
   <subfield code="b">Museo Thyssen-Bornemisza</subfield>
   <subfield code="c">2015</subfield>
  </datafield>
  <datafield tag="300" ind1=" " ind2=" ">
   <subfield code="a">227 S</subfield>
   <subfield code="b">zahlr. Ill</subfield>
   <subfield code="c">27 cm</subfield>
  </datafield>
  <datafield tag="336" ind1=" " ind2=" ">
   <subfield code="a">Text</subfield>
   <subfield code="b">txt</subfield>
   <subfield code="2">rdacontent</subfield>
  </datafield>
  <datafield tag="336" ind1=" " ind2=" ">
   <subfield code="a">unbewegtes Bild</subfield>
   <subfield code="b">sti</subfield>
   <subfield code="2">rdacontent</subfield>
  </datafield>
  <datafield tag="337" ind1=" " ind2=" ">
   <subfield code="a">ohne Hilfsmittel zu benutzen</subfield>
   <subfield code="b">n</subfield>
   <subfield code="2">rdamedia</subfield>
  </datafield>
  <datafield tag="338" ind1=" " ind2=" ">
   <subfield code="a">Band</subfield>
   <subfield code="b">nc</subfield>
   <subfield code="2">rdacarrier</subfield>
  </datafield>
  <datafield tag="520" ind1=" " ind2=" ">
   <subfield code="a">Vida y obra de Francisco de Zurbarán (1598-1664) / Odile Delenda -- La pintura sevillana en la época de Zurbarán / Enrique Valdivieso -- Zurbarán: series y retablos monásticos / José Fernández López -- Sobre la agudeza, el ingenio y la copia: Zurbarán, creador de imágenes sagradas / Benito Navarrete Prieto -- Fortuna crítica de Francisco de Zurbarán en España hasta el siglo XIX / Almudena Ros de Barbero</subfield>
  </datafield>
  <datafield tag="600" ind1="1" ind2="0">
   <subfield code="a">Zurbarán, Francisco de</subfield>
   <subfield code="d">1598-1664</subfield>
   <subfield code="v">Exhibitions</subfield>
  </datafield>
  <datafield tag="600" ind1="1" ind2="0">
   <subfield code="a">Zurbarán, Francisco de, 1598-1664</subfield>
   <subfield code="x">Influence</subfield>
   <subfield code="v">Exhibitions</subfield>
  </datafield>
  <datafield tag="650" ind1=" " ind2="0">
   <subfield code="a">Christian saints in art</subfield>
   <subfield code="v">Exhibitions</subfield>
  </datafield>
  <datafield tag="655" ind1=" " ind2="7">
   <subfield code="a">Ausstellungskatalog</subfield>
   <subfield code="y">2015</subfield>
   <subfield code="z">Madrid</subfield>
   <subfield code="0">(DE-588)4135467-9</subfield>
   <subfield code="0">(DE-627)10566491X</subfield>
   <subfield code="0">(DE-576)209660988</subfield>
   <subfield code="2">gnd-content</subfield>
  </datafield>
  <datafield tag="689" ind1="0" ind2="0">
   <subfield code="d">p</subfield>
   <subfield code="0">(DE-588)118808672</subfield>
   <subfield code="0">(DE-627)145356353</subfield>
   <subfield code="0">(DE-576)163686262</subfield>
   <subfield code="a">Zurbarán, Francisco de</subfield>
   <subfield code="d">1598-1664</subfield>
   <subfield code="2">gnd</subfield>
  </datafield>
  <datafield tag="689" ind1="0" ind2=" ">
   <subfield code="5">(DE-627)</subfield>
  </datafield>
  <datafield tag="700" ind1="1" ind2=" ">
   <subfield code="a">Zurbarán, Francisco de</subfield>
   <subfield code="d">1598-1664</subfield>
   <subfield code="e">Ill.</subfield>
   <subfield code="0">(DE-588)118808672</subfield>
   <subfield code="0">(DE-627)145356353</subfield>
   <subfield code="0">(DE-576)163686262</subfield>
   <subfield code="4">ill</subfield>
  </datafield>
  <datafield tag="700" ind1="1" ind2=" ">
   <subfield code="a">Delenda, Odile</subfield>
   <subfield code="e">Hrsg.</subfield>
   <subfield code="0">(DE-588)1057623261</subfield>
   <subfield code="0">(DE-627)796106541</subfield>
   <subfield code="0">(DE-576)413237559</subfield>
   <subfield code="4">edt</subfield>
  </datafield>
  <datafield tag="710" ind1="2" ind2=" ">
   <subfield code="a">Museo Thyssen-Bornemisza</subfield>
   <subfield code="0">(DE-588)5087058-0</subfield>
   <subfield code="0">(DE-627)128034521</subfield>
   <subfield code="0">(DE-576)194489140</subfield>
   <subfield code="4">oth</subfield>
  </datafield>
  <datafield tag="710" ind1="2" ind2=" ">
   <subfield code="a">Museum Kunstpalast</subfield>
   <subfield code="0">(DE-588)10019225-7</subfield>
   <subfield code="0">(DE-627)328132764</subfield>
   <subfield code="0">(DE-576)198437552</subfield>
   <subfield code="4">oth</subfield>
  </datafield>
  <datafield tag="776" ind1="0" ind2="8">
   <subfield code="i">Engl. Ausg. u.d.T.</subfield>
   <subfield code="a">Zurbaran</subfield>
   <subfield code="d">a new perspective</subfield>
  </datafield>
  <datafield tag="787" ind1="0" ind2="8">
   <subfield code="i">Rezensiert in</subfield>
   <subfield code="a">Lange, Justus, 1968 - </subfield>
   <subfield code="t">[Rezension von: Odile Delenda / Mar Borobia (eds.), Zurbarán. Una nueva mirada - Beat Wismer / Odile Delenda / Mar Borobia (Hrsg.), Zurbarán]</subfield>
   <subfield code="d">2017</subfield>
   <subfield code="w">(DE-627)1789257409</subfield>
  </datafield>
  <datafield tag="856" ind1="4" ind2="2">
   <subfield code="u">https://swbplus.bsz-bw.de/bsz446634808inh.htm</subfield>
   <subfield code="m">B:DE-576;DE-16</subfield>
   <subfield code="q">application/pdf</subfield>
   <subfield code="v">20151117173659</subfield>
   <subfield code="x">Verlag</subfield>
   <subfield code="3">Inhaltsverzeichnis</subfield>
  </datafield>
  <datafield tag="856" ind1="4" ind2="2">
   <subfield code="u">https://swbplus.bsz-bw.de/bsz446634808rez.htm</subfield>
   <subfield code="m">B:DE-576;DE-16</subfield>
   <subfield code="q">application/pdf</subfield>
   <subfield code="v">20171005155314</subfield>
   <subfield code="x">Verlag</subfield>
   <subfield code="3">Rezension</subfield>
  </datafield>
  <datafield tag="856" ind1="4" ind2="2">
   <subfield code="u">http://www.sehepunkte.de/2017/07/28130.html</subfield>
   <subfield code="m">V:DE-576;X:Sehepunkte</subfield>
   <subfield code="q">text/html</subfield>
   <subfield code="v">20180419154205</subfield>
   <subfield code="3">Rezension</subfield>
  </datafield>
  <datafield tag="935" ind1=" " ind2=" ">
   <subfield code="i">Blocktest</subfield>
  </datafield>
  <datafield tag="936" ind1="b" ind2="k">
   <subfield code="a">20.31</subfield>
   <subfield code="j">Bildende Künstler</subfield>
   <subfield code="0">(DE-627)181571080</subfield>
  </datafield>
  <datafield tag="951" ind1=" " ind2=" ">
   <subfield code="a">BO</subfield>
  </datafield>
  <datafield tag="990" ind1=" " ind2=" ">
   <subfield code="a">Zurbarán, Francisco de</subfield>
  </datafield>
  <datafield tag="991" ind1=" " ind2=" ">
   <subfield code="a">Rezensiertes Werk</subfield>
  </datafield>
  <datafield tag="999" ind1=" " ind2=" ">
   <subfield code="a">KXP-PPN829205470</subfield>
   <subfield code="e">4155073927</subfield>
  </datafield>
 </record>
</collection>
